[Event "Varna U2200 op"]
[Site "Varna"]
[Date "2019.07.04"]
[Round "3"]
[White "Mihalev, Rosen"]
[Black "Janakiev, Ivan"]
[Result "1-0"]
[WhiteElo "1860"]
[BlackElo "2112"]
[PlyCount "21"]
[EventDate "2019.07.02"]
[EventType "swiss"]
[EventRounds "7"]
[EventCountry "BUL"]
[SourceTitle "EXT 2020"]
[Source "ChessBase"]
[SourceDate "2019.10.17"]
[SourceVersion "1"]
[SourceVersionDate "2019.10.17"]
[SourceQuality "1"]

1. g3 Nf6 2. Bg2 d5 3. d3 b6 4. Nf3 Bb7 5. c3 Nbd7 6. 0-0 e5 7. a4 a5 8. b3 Bd6 9. Na3 0-0 10. Nb5 Be7 11. h3 1-0

[Event "Teteven op 32nd"]
[Site "Teteven"]
[Date "2018.08.19"]
[Round "9"]
[White "Galunov, Todor"]
[Black "Janakiev, Ivan"]
[Result "1/2-1/2"]
[WhiteElo "2314"]
[BlackElo "2112"]
[PlyCount "31"]
[EventDate "2018.08.11"]
[EventType "swiss"]
[EventRounds "9"]
[EventCountry "BUL"]
[SourceTitle "CBM 186 Extra"]
[Source "ChessBase"]
[SourceDate "2018.08.24"]
[SourceVersion "1"]
[SourceVersionDate "2018.08.24"]
[SourceQuality "1"]

1. Nf3 Nf6 2. c4 g6 3. Nc3 d5 4. cxd5 Nxd5 5. Qa4+ Nc6 6. Ne5 Ndb4 7. a3 Bg7 8. axb4 Bxe5 9. b5 Nb8 10. g3 0-0 11. Bg2 c6 12. 0-0 Bg7 13. d3 a6 14. bxc6 Nxc6 15. Bxc6 bxc6 16. Qh4 1/2-1/2

[Event "Teteven op 32nd"]
[Site "Teteven"]
[Date "2018.08.18"]
[Round "8"]
[White "Janakiev, Ivan"]
[Black "Arnaudov, Petar"]
[Result "1/2-1/2"]
[WhiteElo "2112"]
[BlackElo "2008"]
[PlyCount "58"]
[EventDate "2018.08.11"]
[EventType "swiss"]
[EventRounds "9"]
[EventCountry "BUL"]
[SourceTitle "CBM 186 Extra"]
[Source "ChessBase"]
[SourceDate "2018.08.24"]
[SourceVersion "1"]
[SourceVersionDate "2018.08.24"]
[SourceQuality "1"]

1. c4 e5 2. Nc3 c6 3. Nf3 d6 4. d4 Bg4 5. dxe5 Bxf3 6. gxf3 dxe5 7. Qxd8+ Kxd8 8. Rg1 g6 9. f4 Nd7 10. Bh3 f5 11. e4 Ngf6 12. exf5 e4 13. Be3 Bb4 14. 0-0-0 Bxc3 15. bxc3 Kc7 16. fxg6 hxg6 17. Bxd7 Nxd7 18. Rxg6 Rh7 19. Re6 Rf8 20. Rxe4 Nf6 21. Re6 Nh5 22. Bxa7 Nxf4 23. Re4 b6 24. c5 b5 25. c4 bxc4 26. Rxc4 Nd5 27. Bb6+ Nxb6 28. cxb6+ Kxb6 29. h4 Rxf2 1/2-1/2

[Event "Teteven op 31st"]
[Site "Teteven"]
[Date "2016.08.16"]
[Round "4"]
[White "Janakiev, Ivan"]
[Black "Danov, Lyubomir"]
[Result "0-1"]
[WhiteElo "2077"]
[BlackElo "2342"]
[PlyCount "60"]
[EventDate "2016.08.13"]
[EventType "swiss"]
[EventRounds "9"]
[EventCountry "BUL"]
[SourceTitle "CBM 173 Extra"]
[Source "ChessBase"]
[SourceDate "2016.08.29"]
[SourceVersion "1"]
[SourceVersionDate "2016.08.29"]
[SourceQuality "1"]

1. d4 d5 2. c4 c6 3. Nc3 Nf6 4. Nf3 dxc4 5. e3 b5 6. a4 b4 7. Na2 e6 8. Bxc4 Be7 9. 0-0 0-0 10. Qe2 Nbd7 11. Rd1 a5 12. e4 Bb7 13. Bg5 c5 14. e5 Nd5 15. Bxe7 Qxe7 16. Nc1 cxd4 17. Rxd4 N5b6 18. Bd3 Nc5 19. Rg4 Rfd8 20. Qe3 Bxf3 21. gxf3 g6 22. Bc2 Rac8 23. Ne2 b3 24. Be4 Nc4 25. Qf4 Nxe4 26. Qxe4 Nxb2 27. Ng3 Nd3 28. Nh5 b2 29. Rf1 Rc1 30. Nf6+ Qxf6 0-1

[Event "Varna op-B 8th"]
[Site "Varna"]
[Date "2014.06.25"]
[Round "7"]
[White "Lugovoy, Dmitry"]
[Black "Janakiev, Ivan"]
[Result "1/2-1/2"]
[WhiteElo "2081"]
[BlackElo "2168"]
[PlyCount "81"]
[EventDate "2014.06.19"]
[EventType "swiss"]
[EventRounds "9"]
[EventCountry "BUL"]
[SourceTitle "CBM 161 Extra"]
[Source "ChessBase"]
[SourceDate "2014.08.29"]
[SourceVersion "1"]
[SourceVersionDate "2014.08.29"]
[SourceQuality "1"]

1. d4 Nf6 2. Nf3 g6 3. g3 Bg7 4. Bg2 d5 5. 0-0 0-0 6. c4 c6 7. Nc3 dxc4 8. e4 Nbd7 9. Qe2 Nb6 10. Rd1 h6 11. a4 a5 12. Ne5 Be6 13. Be3 Ra6 14. b3 cxb3 15. Nxc6 Bc4 16. Nxd8 Bxe2 17. Nxe2 Rxd8 18. Rdb1 Nc4 19. Rxb3 Rb6 20. Rxb6 Nxb6 21. Rb1 Nxa4 22. Rxb7 e5 23. h3 Nxe4 24. Bxe4 exd4 25. Bc6 Nc5 26. Rb5 Ne6 27. Bd2 d3 28. Nf4 Nd4 29. Rb6 Ne2+ 30. Kg2 Bc3 31. Bxc3 Nxc3 32. Bf3 d2 33. Ra6 a4 34. Rc6 d1Q 35. Bxd1 Nxd1 36. Ra6 Rd2 37. Rxa4 Rxf2+ 38. Kg1 Rd2 39. Ra3 Kg7 40. Rd3 Rxd3 41. Nxd3 1/2-1/2

[Event "Varna op-B 8th"]
[Site "Varna"]
[Date "2014.06.21"]
[Round "3"]
[White "Janakiev, Ivan"]
[Black "Akkanen, Timo"]
[Result "1/2-1/2"]
[WhiteElo "2168"]
[BlackElo "1783"]
[PlyCount "64"]
[EventDate "2014.06.19"]
[EventType "swiss"]
[EventRounds "9"]
[EventCountry "BUL"]
[SourceTitle "CBM 161 Extra"]
[Source "ChessBase"]
[SourceDate "2014.08.29"]
[SourceVersion "1"]
[SourceVersionDate "2014.08.29"]
[SourceQuality "1"]

1. d4 d5 2. c4 c6 3. Nc3 Nf6 4. Nf3 dxc4 5. e3 Bg4 6. Bxc4 e6 7. 0-0 Bb4 8. Be2 0-0 9. Qb3 Qe7 10. Rd1 Rd8 11. Bd2 Na6 12. Rac1 Rac8 13. a3 Ba5 14. Qa4 Bc7 15. b4 Bb8 16. Be1 Nc7 17. e4 a6 18. Qa5 Nb5 19. e5 Nd5 20. Ne4 Nf4 21. Bxb5 Bxf3 22. gxf3 axb5 23. Bd2 Ne2+ 24. Kf1 Nxc1 25. Bg5 f6 26. exf6 Qf7 27. Bxc1 gxf6 28. Ke2 Kh8 29. Qb6 Rd5 30. Nc5 Rc7 31. Rg1 Qh5 32. Na6 Qf5 1/2-1/2

[Event "Albena op"]
[Site "Albena"]
[Date "2010.06.06"]
[Round "4"]
[White "Janakiev, Ivan"]
[Black "Mrdja, Milan"]
[Result "1-0"]
[WhiteElo "2201"]
[BlackElo "2376"]
[PlyCount "44"]
[EventDate "2010.06.03"]
[EventType "swiss"]
[EventRounds "9"]
[EventCountry "BUL"]
[SourceTitle "CBM 136 Extra"]
[Source "ChessBase"]
[SourceDate "2010.07.02"]
[SourceVersion "2"]
[SourceVersionDate "2010.07.15"]
[SourceQuality "1"]

1. d4 d5 2. c4 Nc6 3. cxd5 Qxd5 4. e3 e5 5. Nc3 Bb4 6. a3 Bxc3+ 7. bxc3 Nf6 8. Qc2 Qd6 9. Nf3 Bg4 10. Rb1 Rb8 11. Bb5 0-0 12. 0-0 Bxf3 13. gxf3 Ne7 14. Kh1 c5 15. dxe5 Qxe5 16. Qe2 Ng6 17. h3 b6 18. Bb2 Qe7 19. Rbd1 Rfd8 20. Rg1 Rxd1 21. Qxd1 Rd8 22. Qe2 Ne8 1-0

[Event "Teteven op 24th"]
[Site "Teteven"]
[Date "2009.08.17"]
[Round "4"]
[White "Daskalov, Dimitar"]
[Black "Janakiev, Ivan"]
[Result "1-0"]
[WhiteElo "1936"]
[BlackElo "2232"]
[PlyCount "31"]
[EventDate "2009.08.15"]
[EventType "swiss"]
[EventRounds "9"]
[EventCountry "BUL"]
[SourceTitle "CBM 131 Extra"]
[Source "ChessBase"]
[SourceDate "2009.09.03"]
[SourceVersion "2"]
[SourceVersionDate "2009.09.16"]
[SourceQuality "1"]

1. e4 c5 2. Nf3 Nc6 3. d4 cxd4 4. Nxd4 Nf6 5. Nc3 g6 6. Be3 Bg7 7. Bc4 Qa5 8. 0-0 0-0 9. h3 Qb4 10. Bb3 Nxe4 11. Nd5 Qd6 12. Nb5 Qb8 13. Bf4 Be5 14. Bxe5 Qxe5 15. Re1 e6 16. Rxe4 1-0

[Event "Sofia Piskov Memorial 1st"]
[Site "Sofia"]
[Date "2009.08.06"]
[Round "8"]
[White "Orev, Petar"]
[Black "Janakiev, Ivan"]
[Result "1-0"]
[WhiteElo "2235"]
[BlackElo "2232"]
[PlyCount "62"]
[EventDate "2009.08.01"]
[EventType "tourn"]
[EventRounds "9"]
[EventCountry "BUL"]
[SourceTitle "CBM 131 Extra"]
[Source "ChessBase"]
[SourceDate "2009.09.03"]
[SourceVersion "2"]
[SourceVersionDate "2009.09.16"]
[SourceQuality "1"]
[WhiteTeam "Bulgaria"]
[BlackTeam "Bulgaria"]
[WhiteTeamCountry "BUL"]
[BlackTeamCountry "BUL"]

1. e4 c5 2. c4 Nc6 3. Ne2 Nf6 4. Nbc3 e6 5. d4 cxd4 6. Nxd4 Bb4 7. Nxc6 dxc6 8. Qxd8+ Kxd8 9. e5 Ne4 10. a3 Bxc3+ 11. bxc3 Nxc3 12. a4 Ne4 13. Be3 b6 14. a5 Rb8 15. axb6 axb6 16. Ra7 Bd7 17. Bd3 Nc5 18. Ke2 Nxd3 19. Rd1 Ke7 20. Rxd3 Rhd8 21. Bg5+ f6 22. Bf4 Rbc8 23. exf6+ gxf6 24. Bc7 Rxc7 25. Rxc7 e5 26. Rb7 Ke8 27. Rxb6 Bg4+ 28. f3 Rxd3 29. Kxd3 Bf5+ 30. Ke3 Bd7 31. c5 Kd8 1-0

[Event "Sofia Piskov Memorial 1st"]
[Site "Sofia"]
[Date "2009.08.01"]
[Round "1"]
[White "Arnaudov, Petar"]
[Black "Janakiev, Ivan"]
[Result "0-1"]
[WhiteElo "2263"]
[BlackElo "2232"]
[PlyCount "78"]
[EventDate "2009.08.01"]
[EventType "tourn"]
[EventRounds "9"]
[EventCountry "BUL"]
[SourceTitle "CBM 131 Extra"]
[Source "ChessBase"]
[SourceDate "2009.09.03"]
[SourceVersion "2"]
[SourceVersionDate "2009.09.16"]
[SourceQuality "1"]

1. e4 c5 2. Nc3 Nc6 3. Bb5 Nd4 4. Nge2 a6 5. Bc4 e6 6. Nxd4 cxd4 7. Ne2 b5 8. Bb3 Bb7 9. d3 Bc5 10. 0-0 Ne7 11. c3 Nc6 12. Kh1 0-0 13. f4 Kh8 14. f5 Qh4 15. Bf4 e5 16. Bg3 Qf6 17. Bd5 dxc3 18. bxc3 Na5 19. Bxb7 Nxb7 20. Qe1 Rfe8 21. Bh4 Qc6 22. f6 g6 23. Bg5 Nd8 24. Qh4 Ne6 25. Bh6 Rg8 26. d4 exd4 27. Bg7+ Nxg7 28. fxg7+ Rxg7 29. cxd4 Bf8 30. e5 d6 31. Ng1 dxe5 32. dxe5 Qe8 33. Nf3 Be7 34. Qf4 Rc8 35. Rac1 Rxc1 36. Rxc1 Qd7 37. Nd4 Qd5 38. Nc6 Ba3 39. Nb4 Bxc1 0-1

[Event "Teteven op 23rd"]
[Site "Teteven"]
[Date "2008.08.20"]
[Round "6"]
[White "Janakiev, Ivan"]
[Black "Nikolov, Sasho"]
[Result "0-1"]
[WhiteElo "2258"]
[BlackElo "2398"]
[PlyCount "90"]
[EventDate "2008.08.16"]
[EventType "swiss"]
[EventRounds "9"]
[EventCountry "BUL"]
[SourceTitle "CBM 126 Extra"]
[Source "ChessBase"]
[SourceDate "2008.11.05"]
[SourceVersion "1"]
[SourceVersionDate "2008.11.05"]
[SourceQuality "1"]

1. c4 g6 2. Nc3 Bg7 3. d4 d6 4. f4 c5 5. d5 Bxc3+ 6. bxc3 Nf6 7. e3 Qa5 8. Qc2 Bf5 9. Bd3 Bxd3 10. Qxd3 Nbd7 11. Nf3 Nb6 12. 0-0 Qa6 13. Nd2 Nfxd5 14. e4 Nc7 15. a4 0-0-0 16. a5 Nd7 17. Rd1 Rhf8 18. Nf1 f5 19. Ne3 fxe4 20. Qxe4 e6 21. Ng4 Rde8 22. Be3 d5 23. cxd5 exd5 24. Qc2 Qc6 25. Qd2 Re6 26. Bf2 Rfe8 27. Re1 Rxe1+ 28. Rxe1 Rxe1+ 29. Bxe1 Qe6 30. h3 h5 31. Nh2 Nf6 32. Nf3 Qe4 33. Bh4 Qb1+ 34. Kh2 Ne4 35. Qe3 Qc2 36. Be1 d4 37. cxd4 Nd5 38. Qg1 c4 39. Ne5 Qe2 40. Nxg6 c3 41. Bh4 c2 42. Ne7+ Nxe7 43. Bxe7 Nd2 44. Qc1 Nb3 45. Qa3 c1Q 0-1

[Event "Miercurea Ciuc Banc Post"]
[Site "Miercurea Ciuc"]
[Date "2001.09.27"]
[Round "7"]
[White "Jicman, Ligia Letitia"]
[Black "Janakiev, Ivan"]
[Result "1-0"]
[WhiteElo "2229"]
[BlackElo "2342"]
[PlyCount "77"]
[EventDate "2001.09.22"]
[EventType "tourn"]
[EventRounds "10"]
[EventCountry "ROU"]
[EventCategory "3"]
[SourceTitle "CBM 084 Extra"]
[Source "ChessBase"]
[SourceDate "2001.10.26"]
[SourceVersion "1"]
[SourceVersionDate "2001.10.26"]
[SourceQuality "1"]

1. e4 c5 2. Nf3 Nc6 3. d4 cxd4 4. Nxd4 Nf6 5. Nc3 g6 6. Nb3 Bg7 7. Be2 d6 8. 0-0 0-0 9. Bg5 a5 10. a4 Be6 11. Re1 Rc8 12. Bf1 Nb4 13. Nd4 Bc4 14. Bxc4 Rxc4 15. Ndb5 h6 16. Bh4 Qc8 17. f3 Qe6 18. Bf2 Nd7 19. Rc1 Be5 20. Nd4 Qf6 21. Nce2 Rcc8 22. c3 Nc6 23. Qd2 Qh8 24. Nxc6 Rxc6 25. f4 Bg7 26. e5 Nc5 27. Bxc5 Rxc5 28. exd6 e6 29. Qe3 b6 30. Rcd1 Rd8 31. Ng3 Kh7 32. Ne4 Rc6 33. Qf3 Qe8 34. Rd3 Qd7 35. Red1 f5 36. Nf2 Bf8 37. Qe3 Bxd6 38. b4 axb4 39. cxb4 1-0

[Event "Miercurea Ciuc Banc Post"]
[Site "Miercurea Ciuc"]
[Date "2001.09.26"]
[Round "5"]
[White "Janakiev, Ivan"]
[Black "Sebe Vodislav, Florian George"]
[Result "1-0"]
[WhiteElo "2342"]
[BlackElo "2286"]
[PlyCount "61"]
[EventDate "2001.09.22"]
[EventType "tourn"]
[EventRounds "10"]
[EventCountry "ROU"]
[EventCategory "3"]
[SourceTitle "CBM 084 Extra"]
[Source "ChessBase"]
[SourceDate "2001.10.26"]
[SourceVersion "1"]
[SourceVersionDate "2001.10.26"]
[SourceQuality "1"]

1. d4 f5 2. Nf3 Nf6 3. g3 g6 4. b3 Bg7 5. Bb2 0-0 6. Bg2 d6 7. 0-0 Na6 8. Nbd2 b5 9. a4 b4 10. Nc4 Bb7 11. e3 Rb8 12. Qe2 Qc8 13. Rfe1 Bxf3 14. Bxf3 d5 15. Ne5 c6 16. Rac1 Ne4 17. Bg2 Qb7 18. f3 Nd6 19. Bf1 Nc7 20. Nd7 Rbc8 21. Nxf8 Rxf8 22. c4 dxc4 23. bxc4 a5 24. c5 Nf7 25. e4 fxe4 26. fxe4 e5 27. Qc4 Kh8 28. Bg2 exd4 29. Rf1 Ne5 30. Rxf8+ Bxf8 31. Qxd4 1-0

[Event "Miercurea Ciuc Banc Post"]
[Site "Miercurea Ciuc"]
[Date "2001.09.25"]
[Round "4"]
[White "Iankowski, Roman"]
[Black "Janakiev, Ivan"]
[Result "1-0"]
[WhiteElo "2394"]
[BlackElo "2342"]
[PlyCount "81"]
[EventDate "2001.09.22"]
[EventType "tourn"]
[EventRounds "10"]
[EventCountry "ROU"]
[EventCategory "3"]
[SourceTitle "CBM 084 Extra"]
[Source "ChessBase"]
[SourceDate "2001.10.26"]
[SourceVersion "1"]
[SourceVersionDate "2001.10.26"]
[SourceQuality "1"]

1. e4 c5 2. g3 Nc6 3. Bg2 g6 4. f4 Bg7 5. Nf3 e6 6. 0-0 Nge7 7. Na3 d5 8. e5 a6 9. d3 b5 10. Be3 c4 11. c3 Bd7 12. Nc2 h5 13. h3 Na5 14. Bf2 Qc7 15. Ncd4 Bh6 16. Qe2 Nac6 17. b4 Nxd4 18. Bxd4 Rc8 19. Rfc1 Bc6 20. Bf2 cxd3 21. Qxd3 Qb7 22. Qf1 0-0 23. Bc5 Rfe8 24. Nd4 Bd7 25. Qf2 Rxc5 26. bxc5 Qc7 27. Nb3 a5 28. Rab1 Rc8 29. Bf1 a4 30. Nd4 Qxc5 31. Nxb5 h4 32. Nd6 hxg3 33. Qxc5 Rxc5 34. Rb7 Bxf4 35. Re1 Bd2 36. Re2 Bxc3 37. Rxd7 Nf5 38. Nxf5 gxf5 39. Kg2 f4 40. Kf3 d4 41. Kxf4 1-0

[Event "BUL-chT"]
[Site "Varna"]
[Date "1995.??.??"]
[Round "6"]
[White "Janakiev, Ivan"]
[Black "Tsvetkov, Ilia"]
[Result "1/2-1/2"]
[WhiteElo "2325"]
[BlackElo "2325"]
[PlyCount "139"]
[EventDate "1995.??.??"]
[EventType "team"]
[EventRounds "7"]
[EventCountry "BUL"]
[SourceTitle "EXT 2002"]
[Source "ChessBase"]
[SourceDate "2001.11.25"]
[SourceVersion "1"]
[SourceVersionDate "2001.11.25"]
[SourceQuality "1"]

1. d4 d5 2. c4 e6 3. Nc3 c6 4. Nf3 Nf6 5. Bg5 Nbd7 6. e3 Qa5 7. Nd2 Bb4 8. Qc2 0-0 9. Nb3 Qa4 10. cxd5 cxd5 11. Bd3 b6 12. 0-0 Bxc3 13. bxc3 Ba6 14. f3 Rfc8 15. Bxa6 Qxa6 16. e4 Rc6 17. e5 Ne8 18. f4 g6 19. g4 f5 20. gxf5 exf5 21. Rae1 Nc7 22. Re3 Nf8 23. Qg2 Re8 24. Rh3 Qc8 25. Bh4 Qd7 26. Be1 Nce6 27. Na1 Nc7 28. Nc2 b5 29. Kh1 Re7 30. Rg1 Rg7 31. Bh4 Nfe6 32. Qf2 Ne8 33. Qf3 N6c7 34. Be1 Ra6 35. a3 Ra4 36. Rh6 Ra6 37. Bd2 Ra4 38. Bc1 Rc4 39. h4 Rc6 40. Nb4 Rb6 41. Nd3 Qd8 42. Qh3 Qe7 43. Ne1 Ne6 44. h5 Nd8 45. hxg6 Rbxg6 46. Rgxg6 hxg6 47. Rh8+ Kf7 48. Nc2 Ke6 49. Ne3 Nf7 50. Nxd5 Kxd5 51. Qg2+ Ke6 52. Qc6+ Nfd6 53. d5+ Kf7 54. Be3 g5 55. Bc5 gxf4 56. Bxd6 Nxd6 57. Qxd6 Qxd6 58. exd6 Kf6 59. Re8 f3 60. Re6+ Kg5 61. Re7 Rg6 62. Re6 Rg8 63. Kg1 Kf4+ 64. Kf1 Rd8 65. Kf2 Rd7 66. Kf1 Rh7 67. Kg1 Rd7 68. Kf2 Rd8 69. Ke1 Rd7 70. Kf2 1/2-1/2